[Event "Mecklenburg VP LL2 Ost 2223"]
[Site "Mecklenburg VP"]
[Date "2022.12.11"]
[Round "4.4"]
[White "Nauschuetz, Ernst"]
[Black "Van Schaaik, Hans"]
[Result "1/2-1/2"]
[WhiteElo "1929"]
[BlackElo "1637"]
[PlyCount "60"]
[EventDate "2022.10.23"]
[EventType "team-tourn"]
[EventRounds "9"]
[EventCountry "GER"]
[SourceTitle "EXT 2024"]
[Source "ChessBase"]
[SourceDate "2023.10.10"]
[SourceVersion "1"]
[SourceVersionDate "2023.10.10"]
[SourceQuality "1"]
[WhiteTeam "Greifswald II"]
[BlackTeam "Gryps SV"]
[WhiteTeamCountry "GER"]
[BlackTeamCountry "GER"]

1. c4 c5 2. g3 g6 3. Bg2 Bg7 4. Nf3 Nc6 5. Nc3 e6 6. d3 Nge7 7. Bg5 d5 8. Qc1 Qa5 9. Bd2 Qc7 10. h4 Bd7 11. h5 dxc4 12. dxc4 Ne5 13. Nxe5 Bxe5 14. hxg6 hxg6 15. Rxh8+ Bxh8 16. Qc2 Nf5 17. 0-0-0 Nd4 18. Qd3 0-0-0 19. e3 Bc6 20. Qf1 Nf3 21. Kc2 Qe5 22. Bc1 Qf5+ 23. Kb3 Rxd1 24. Qxd1 Ne5 25. Bxc6 Nxc6 26. Qe2 Qe5 27. f4 Qc7 28. a3 Qb6+ 29. Ka2 Na5 30. Qc2 Kb8 1/2-1/2

[Event "MVP-ch Seniors op 18th"]
[Site "Ostseebad Binz"]
[Date "2018.12.06"]
[Round "9"]
[White "Nauschuetz, Ernst"]
[Black "Dettmann, Gerd"]
[Result "0-1"]
[WhiteElo "1978"]
[BlackElo "2146"]
[PlyCount "25"]
[EventDate "2018.11.28"]
[EventType "swiss"]
[EventRounds "9"]
[EventCountry "GER"]
[SourceTitle "CBM 188 Extra"]
[Source "ChessBase"]
[SourceDate "2019.02.26"]
[SourceVersion "1"]
[SourceVersionDate "2019.02.26"]
[SourceQuality "1"]

1. c4 e5 2. g3 Nf6 3. Bg2 d5 4. cxd5 Nxd5 5. Nc3 Nb6 6. Nf3 Nc6 7. 0-0 Be7 8. a3 Be6 9. b4 0-0 10. d3 f5 11. Na4 e4 12. Ne1 Nxa4 13. Qxa4 0-1

[Event "MVP-ch Seniors op 18th"]
[Site "Ostseebad Binz"]
[Date "2018.12.01"]
[Round "4"]
[White "Menkhaus, Wolf Dieter"]
[Black "Nauschuetz, Ernst"]
[Result "1-0"]
[WhiteElo "1862"]
[BlackElo "1978"]
[PlyCount "69"]
[EventDate "2018.11.28"]
[EventType "swiss"]
[EventRounds "9"]
[EventCountry "GER"]
[SourceTitle "CBM 188 Extra"]
[Source "ChessBase"]
[SourceDate "2019.02.26"]
[SourceVersion "1"]
[SourceVersionDate "2019.02.26"]
[SourceQuality "1"]

1. d4 Nf6 2. c4 e6 3. Nc3 Bb4 4. Qc2 Nc6 5. Nf3 d6 6. Bd2 0-0 7. a3 Bxc3 8. Bxc3 d5 9. e3 Ne4 10. Bd3 Nxc3 11. Qxc3 Ne7 12. e4 b6 13. cxd5 exd5 14. Rc1 c6 15. 0-0 Bb7 16. Rfe1 Rc8 17. b4 g6 18. e5 Kg7 19. Qd2 Ng8 20. Qe3 Re8 21. Qf4 Qe7 22. Qe3 Rc7 23. Rc3 Rcc8 24. h4 h6 25. Bb1 Ba6 26. Qc1 Bc4 27. h5 c5 28. hxg6 cxb4 29. axb4 fxg6 30. Qc2 Rc6 31. b5 Re6 32. Nd2 Qb4 33. Nxc4 dxc4 34. d5 Rxe5 35. Qxg6+ 1-0

[Event "Mecklenburg VP-ch MT"]
[Site "Greifswald"]
[Date "2017.04.29"]
[Round "2.4"]
[White "Nauschuetz, Ernst"]
[Black "Lange, Jannis"]
[Result "0-1"]
[WhiteElo "1993"]
[BlackElo "1843"]
[PlyCount "122"]
[EventDate "2017.04.29"]
[EventType "swiss"]
[EventRounds "7"]
[EventCountry "GER"]
[SourceTitle "EXT 2023"]
[Source "ChessBase"]
[SourceDate "2022.10.05"]
[SourceVersion "1"]
[SourceVersionDate "2022.10.05"]
[SourceQuality "1"]

1. c4 e6 2. g3 d5 3. Bg2 Nf6 4. Nf3 Be7 5. 0-0 0-0 6. d4 c6 7. Qc2 Nbd7 8. Nbd2 b6 9. Re1 Bb7 10. e4 c5 11. e5 Ne8 12. cxd5 Bxd5 13. dxc5 Nxc5 14. b4 Nd7 15. a3 Rc8 16. Qd3 Qc7 17. Bb2 Qc2 18. Qd4 Qa4 19. Rac1 Nc7 20. Bf1 a5 21. bxa5 Qxa5 22. Qd3 Nc5 23. Qe3 Bb7 24. Nc4 Qa7 25. Nd4 Nd5 26. Qd2 Qa4 27. Bg2 Nb3 28. Nxb3 Rxc4 29. Rxc4 Qxc4 30. Nd4 Bc5 31. Bf1 Qa4 32. Bb5 Qa8 33. Nc2 Nc7 34. Bf1 Rd8 35. Qc3 Nd5 36. Qb3 Ne7 37. Ne3 Rd2 38. Bc1 Rd8 39. Bb2 Qa5 40. Rd1 Rxd1 41. Qxd1 Nd5 42. Nxd5 Bxd5 43. Qd3 h6 44. Qb5 Qxb5 45. Bxb5 Bf3 46. Kf1 Kf8 47. Be2 Bxe2+ 48. Kxe2 Ke7 49. h3 Kd7 50. f3 Kc6 51. Kd3 Kb5 52. g4 Ka4 53. Kc4 Be7 54. Bc1 b5+ 55. Kc3 Bxa3 56. Be3 b4+ 57. Kc2 b3+ 58. Kb1 Kb5 59. f4 Kc4 60. f5 Kd5 61. f6 g5 0-1

[Event "MVP-ch Seniors op 16th"]
[Site "Binz"]
[Date "2016.11.28"]
[Round "6.16"]
[White "Nauschuetz, Ernst"]
[Black "Gerhardt, Peter Michael"]
[Result "1/2-1/2"]
[WhiteElo "1980"]
[BlackElo "2046"]
[PlyCount "105"]
[EventDate "2016.11.23"]
[EventType "swiss"]
[EventRounds "9"]
[EventCountry "GER"]
[SourceTitle "EXT 2018"]
[Source "ChessBase"]
[SourceDate "2017.10.13"]
[SourceVersion "1"]
[SourceVersionDate "2017.10.13"]
[SourceQuality "1"]

1. c4 Nf6 2. g3 g6 3. Bg2 Bg7 4. Nf3 0-0 5. Nc3 d6 6. 0-0 c6 7. d3 Qc7 8. Rb1 Nbd7 9. b4 a6 10. a4 Ne5 11. Nxe5 dxe5 12. h3 Be6 13. Be3 Nd7 14. Qc1 f5 15. Bg5 Rf7 16. Bd2 Raf8 17. e3 Nf6 18. Rd1 g5 19. f4 gxf4 20. exf4 Nh5 21. Ne2 exf4 22. gxf4 Bc8 23. Bf3 Nf6 24. Kf2 e5 25. fxe5 Ne4+ 26. Kf1 Nxd2+ 27. Qxd2 Qxe5 28. d4 Qh2 29. Ng1 Qg3 30. Qf2 Qxf2+ 31. Kxf2 Bf6 32. d5 Bh4+ 33. Kf1 Bd7 34. c5 Re7 35. dxc6 Bxc6 36. Bxc6 bxc6 37. Nf3 Re4 38. Rd6 Rf4 39. Rb3 Rf6 40. Rdd3 Re6 41. Rd1 Ree4 42. b5 axb5 43. axb5 cxb5 44. Rd5 b4 45. Kg2 Re2+ 46. Kg1 Bf6 47. Rd6 Kf7 48. c6 Rc4 49. Kf1 Rec2 50. Rd7+ Kg6 51. c7 Rxc7 52. Rxc7 Rxc7 53. Rxb4 1/2-1/2

[Event "Mecklenburg VP LL 1617"]
[Site "Mecklenburg VP"]
[Date "2016.11.20"]
[Round "3.5"]
[White "Nauschuetz, Ernst"]
[Black "Wecke, Thoralf"]
[Result "1-0"]
[WhiteElo "1838"]
[BlackElo "1849"]
[PlyCount "83"]
[EventDate "2016.10.16"]
[EventType "team-tourn"]
[EventRounds "9"]
[EventCountry "GER"]
[SourceTitle "EXT 2022"]
[Source "ChessBase"]
[SourceDate "2021.10.06"]
[SourceVersion "1"]
[SourceVersionDate "2021.10.06"]
[SourceQuality "1"]
[WhiteTeam "Greifswald II"]
[BlackTeam "Grevesmuehlen Blau Weiss"]
[WhiteTeamCountry "GER"]
[BlackTeamCountry "GER"]

1. c4 d6 2. g3 e5 3. Nc3 f5 4. Nf3 Nf6 5. d4 e4 6. Nh4 Be7 7. e3 c5 8. Be2 0-0 9. d5 Nfd7 10. Ng2 Ne5 11. h4 Bf6 12. Bd2 Na6 13. a3 Nc7 14. b4 b5 15. cxb5 c4 16. Rc1 Nd3+ 17. Bxd3 cxd3 18. Nf4 Rb8 19. a4 a6 20. bxa6 Nxa6 21. Na2 Bd7 22. b5 Nc5 23. Nb4 Qb6 24. Nc6 Ra8 25. Rc4 Nxa4 26. Rxa4 Qxb5 27. Rb4 Qc5 28. 0-0 Ra2 29. Rb7 Bc8 30. Rb8 Ra1 31. Rb1 Ra2 32. Bb4 Qc2 33. Bxd6 Re8 34. Nb4 Qxd1 35. Rfxd1 Rc2 36. Rdc1 Rb2 37. Nc6 Ba6 38. Ba3 Ra2 39. Bc5 d2 40. Rd1 Bc3 41. d6 Bc8 42. Nd5 1-0

[Event "Mecklenburg VP LL 1617"]
[Site "Mecklenburg VP"]
[Date "2016.11.06"]
[Round "2.6"]
[White "Nauschuetz, Ernst"]
[Black "Kohn, Thomas2222"]
[Result "1-0"]
[WhiteElo "1838"]
[BlackElo "1857"]
[PlyCount "83"]
[EventDate "2016.10.16"]
[EventType "team-tourn"]
[EventRounds "9"]
[EventCountry "GER"]
[SourceTitle "EXT 2022"]
[Source "ChessBase"]
[SourceDate "2021.10.06"]
[SourceVersion "1"]
[SourceVersionDate "2021.10.06"]
[SourceQuality "1"]
[WhiteTeam "Greifswald II"]
[BlackTeam "Stralsund FHSG"]
[WhiteTeamCountry "GER"]
[BlackTeamCountry "GER"]

1. c4 Nf6 2. g3 g6 3. Bg2 Bg7 4. Nf3 0-0 5. 0-0 c5 6. d4 cxd4 7. Nxd4 Nc6 8. Nc3 Qb6 9. Nb3 d6 10. c5 dxc5 11. Na4 Qc7 12. Naxc5 b6 13. Nd3 Bb7 14. Bd2 Rfd8 15. Rc1 Rac8 16. Rc2 Qd7 17. Qc1 a5 18. Be3 a4 19. Nd2 Nd5 20. Nf3 e5 21. Ng5 h6 22. Ne4 f5 23. Nc3 Nxe3 24. Qxe3 Nd4 25. Rcc1 Bxg2 26. Kxg2 Re8 27. Rfd1 Qb7+ 28. Kg1 f4 29. Qd2 fxg3 30. hxg3 b5 31. Qe3 Kh7 32. Ne4 Rxc1 33. Rxc1 Nf5 34. Qf3 Nd4 35. Ng5+ hxg5 36. Qxb7 Nxe2+ 37. Kf1 Nxc1 38. Nxc1 Rd8 39. Ke1 Rd4 40. Qxb5 g4 41. Ne2 Re4 42. Kd2 1-0

[Event "GER-chT Seniors 25th"]
[Site "Magdeburg"]
[Date "2016.10.15"]
[Round "7.2"]
[White "Just, Joachim"]
[Black "Nauschuetz, Ernst"]
[Result "1/2-1/2"]
[WhiteElo "1913"]
[BlackElo "1976"]
[PlyCount "119"]
[EventDate "2016.10.09"]
[EventType "team-swiss"]
[EventRounds "7"]
[EventCountry "GER"]
[SourceTitle "EXT 2019"]
[Source "ChessBase"]
[SourceDate "2018.10.10"]
[SourceVersion "1"]
[SourceVersionDate "2018.10.10"]
[SourceQuality "1"]
[WhiteTeam "Sachsen Anhalt III"]
[BlackTeam "Mecklenburg Vorpommern II"]
[WhiteTeamCountry "GER"]
[BlackTeamCountry "GER"]

1. e3 Nf6 2. f4 d5 3. Nf3 c5 4. b3 g6 5. Bb2 Bg7 6. Bb5+ Bd7 7. Qe2 0-0 8. 0-0 Bf5 9. Bd3 Bxd3 10. Qxd3 Nc6 11. a3 a6 12. Ne5 Qc7 13. Nxc6 Qxc6 14. Be5 b5 15. Qe2 e6 16. d3 Rfd8 17. Nd2 Rd7 18. Nf3 Rc8 19. Rae1 c4 20. Bd4 Rb7 21. Ne5 Qd6 22. b4 Qc7 23. Rf2 cxd3 24. cxd3 Nd7 25. Qb2 Bxe5 26. fxe5 Nb6 27. Ref1 Qd8 28. Qe2 Qg5 29. Bxb6 Rxb6 30. Rxf7 Rbc6 31. Qf3 Qxe5 32. Rf8+ Kg7 33. Rf7+ Kg8 34. Qh3 Qh5 35. Qxh5 gxh5 36. Ra7 R8c7 37. Ra8+ Kg7 38. Rf3 Rc1+ 39. Kf2 h4 40. Rf4 R7c2+ 41. Kf3 Rf1+ 42. Kg4 Rxg2+ 43. Kh3 Rff2 44. Ra7+ Kg6 45. Rxf2 Rxf2 46. Rxa6 Rf3+ 47. Kxh4 Rxe3 48. Rb6 Rxd3 49. Rxe6+ Kf5 50. Rb6 Rxa3 51. Rxb5 Ke4 52. Rb7 Rb3 53. Rxh7 Rxb4 54. Kg5 d4 55. Re7+ Kf3 56. h4 d3 57. Rd7 Ke3 58. h5 Rd4 59. Rxd4 Kxd4 60. h6 1/2-1/2